00900nam a2200229 a 450000100100000000500170001000800410002702000150006804000250008308200140010810000350012224500720015726000350022930000210026449000100028550000620029583000170035704900090037495201260038395201440050999900170065300002242920240322191157.0101011s2006 dr 000 0 spa d a9945431013 aDO-SdBNPbspacBNPHU axxxbE77d1 aEspinal, Rosariod1955-94386910aDemocracia epiléptica en la sociedad del clic /cRosario Espinal. aSanto Domingo :bTaina,c2006. a296 p. ;c24 cm.1 aClave aIncluye datos biográficos del autor en la contraportada 0aClave946236 aBNPD 00102ddc51708PDaBNPHUbBNPHUcCTd2010-10-11l0oBNPHU PD E77dp22429-10r2020-06-25w2020-06-25yLBS1ZNo se presta 00102ddc51708PDaBNPHUbBNPHUcCTd2026-02-23eDonado por Omar Siliél0oBNPHU PD E77dp2026-1492r2026-02-23te.2w2026-02-23yLBS1 c21927d21927